UFC-ის ქვემძიმე წონის ჩემპიონები - Statistics

General Stats
  • This quiz has been taken 15 times
  • The average score is 3 of 18
Answers on the Grid
Answers color-coded by a green-red scale on the quiz's grid according to % correct below.
დომინიკ რეიესი
ტიტო ორტისი
რენდი კოტური
ისრაელ ადესანია
ვიტორ ბელფორტი
ჩაკ ლიდელი
ანდრეი არლოვსკი
ვლადიმირ მატიუშენკო
ქუინტონ ჯექსონი
პოლ კრეიგი
დენიელ კორმიე
ფორესტ გრიფინი
რაშად ევანსი
ალექსანდრ რაკიჩი
ენტონი სმიტი
ლიოტო მაჩიდა
ჯერედ ქენონიერი
მაურისიო რუა
კორი ანდერსონი
ჯონ ჯონსი
ფრენკ შემროკი
იან ბლაჰოვიჩი
ალექსანდრ გუსტავსონი
შონ სტრიკლენდი
ჟირი პროჰასკა
ჯამალ ჰილი
კრის ვეიდმანი
ალექს პერეირა
მაგომედ ანკალაევი
გლოვერ ტეიშეირა
ანდერსონ სილვა
ალისტერ ოვერიმი
 
Answer Stats
Answer % Correct
ტიტო ორტისი
60%
დენიელ კორმიე
60%
ქუინტონ ჯექსონი
40%
რენდი კოტური
20%
ვიტორ ბელფორტი
20%
ჩაკ ლიდელი
20%
ფორესტ გრიფინი
20%
რაშად ევანსი
20%
ლიოტო მაჩიდა
20%
მაურისიო რუა
0%
ჯონ ჯონსი
0%
ფრენკ შემროკი
0%
იან ბლაჰოვიჩი
0%
ჟირი პროჰასკა
0%
ჯამალ ჰილი
0%
ალექს პერეირა
0%
მაგომედ ანკალაევი
0%
გლოვერ ტეიშეირა
0%
No matching quizzes found
Score Distribution
Percent of People with Each Score
Percentile by Number Answered
Your Score History
You have not taken this quiz